Guia del patrimoni monumental i artístic de Catalunya /
Descripción Física:
v. : il. ; 24 cm
Otros Autores:
Barral i Altet, Xavier
MARC
| LEADER | 00000nam a2200000Ia 4500 | ||
|---|---|---|---|
| 001 | 12426 | ||
| 008 | 160829s2000 xx 000 0 cat d | ||
| 080 | |a B-1-312 | ||
| 245 | |a Guia del patrimoni monumental i artístic de Catalunya / |c Xavier Barral i Altet ... [et al.] ; col·lecció dirigida per Xavier Barral i Altet | ||
| 260 | |a Barcelona : |b Pòrtic, |c 2000 | ||
| 300 | |a v. : |b il. ; |c 24 cm | ||
| 650 | |a Monuments |x Catalunya |x Catàlegs |9 19688 | ||
| 650 | |a Patrimoni cultural |x Catalunya |x Catàlegs |9 19689 | ||
| 700 | 1 | |a Barral i Altet, Xavier |9 19690 | |
| 866 | |a vbcrlfVolum 1: Baix Llobregat, Barcelonès, Maresme, Vallès Occidental, Vallès Oriental. |x 959 p. |x R. 12426. |x B-1-312 | ||
| 901 | |a Arxiu | ||
| 942 | |n 1 | ||
| 952 | |0 0 |1 0 |4 0 |6 B1312 |7 1 |9 41306 |a Arxiu |b Arxiu |d 2016-12-01 |l 0 |o B-1-312 |p 12426 |r 2016-12-01 00:00:00 |w 2016-12-01 |y ARXIU | ||
| 999 | |c 43089 |d 43089 | ||